[Event "Napoli Spring Cup 1st"]
[Site "Napoli"]
[Date "2017.03.23"]
[Round "3"]
[White "Parente, Giuseppe"]
[Black "Esposito, Marco"]
[Result "1-0"]
[WhiteElo "1699"]
[BlackElo "1508"]
[PlyCount "77"]
[EventDate "2017.03.09"]
[EventType "swiss"]
[EventRounds "6"]
[EventCountry "ITA"]
[SourceTitle "EXT 2018"]
[Source "ChessBase"]
[SourceDate "2017.10.13"]
[SourceVersion "1"]
[SourceVersionDate "2017.10.13"]
[SourceQuality "1"]

1. Nf3 c5 2. g3 e6 3. b3 b6 4. Bg2 Bb7 5. 0-0 Qc7 6. Bb2 Nc6 7. e3 Nf6 8. c4 Be7 9. Nc3 a6 10. Qc2 0-0-0 11. Rfd1 Ng4 12. d4 h5 13. h3 Nh6 14. d5 Ne5 15. Nxe5 Qxe5 16. d6 Bf6 17. Bxb7+ Kxb7 18. f4 Qf5 19. Qg2+ Ka7 20. e4 Qg6 21. e5 Bxe5 22. fxe5 Nf5 23. Rd3 f6 24. Ne2 Nh4 25. Nf4 Qxd3 26. Nxd3 Nxg2 27. Kxg2 f5 28. Bc1 Rhg8 29. h4 Kb7 30. a4 Kc6 31. Be3 g6 32. a5 Rc8 33. axb6 Kxb6 34. b4 Ra8 35. Nxc5 Kc6 36. Nxa6 Rgf8 37. b5+ Kb7 38. Nc5+ Kb8 39. Nxd7+ 1-0

[Event "Napoli Vomero Inverno op 6th"]
[Site "Napoli"]
[Date "2011.02.04"]
[Round "4"]
[White "Parente, Giuseppe"]
[Black "Cerrato, Roberto"]
[Result "0-1"]
[WhiteElo "1703"]
[BlackElo "1822"]
[PlyCount "78"]
[EventDate "2011.01.14"]
[EventType "swiss"]
[EventRounds "7"]
[EventCountry "ITA"]
[SourceTitle "EXT 2012"]
[Source "ChessBase"]
[SourceDate "2011.11.24"]
[SourceVersion "1"]
[SourceVersionDate "2011.11.24"]
[SourceQuality "1"]

1. Nf3 e6 2. g3 d5 3. Bg2 Nf6 4. b3 Be7 5. 0-0 0-0 6. Bb2 c5 7. d4 Nc6 8. e3 Bd7 9. Nbd2 Rc8 10. c4 cxd4 11. cxd5 Nxd5 12. Nxd4 Nxd4 13. Bxd4 Bb5 14. Re1 Nc3 15. Qg4 Bf6 16. Bxf6 Qxf6 17. Bxb7 Rc7 18. Ne4 Ne2+ 19. Kg2 Qe5 20. a4 f5 21. Qg5 Rxb7 22. axb5 Qxe4+ 23. f3 Qe5 24. Ra2 Nc3 25. Ra5 Qf6 26. Qf4 Nd5 27. Qc4 Qc3 28. Qxc3 Nxc3 29. Rc1 Nd5 30. Kf2 Rd8 31. Rc6 Kf7 32. Ke2 Rdd7 33. e4 Ne7 34. e5 Rbc7 35. Rd6 Nd5 36. Raa6 Rxd6 37. exd6 Rd7 38. Rc6 e5 39. f4 e4 0-1

[Event "Napoli Vomero Inverno op 6th"]
[Site "Napoli"]
[Date "2011.01.21"]
[Round "2"]
[White "Parente, Giuseppe"]
[Black "Marturano, Giampiero"]
[Result "0-1"]
[WhiteElo "1703"]
[BlackElo "2068"]
[PlyCount "78"]
[EventDate "2011.01.14"]
[EventType "swiss"]
[EventRounds "7"]
[EventCountry "ITA"]
[SourceTitle "EXT 2012"]
[Source "ChessBase"]
[SourceDate "2011.11.24"]
[SourceVersion "1"]
[SourceVersionDate "2011.11.24"]
[SourceQuality "1"]

1. Nf3 c5 2. c4 g6 3. g3 Bg7 4. Bg2 Nc6 5. 0-0 e6 6. d3 Nge7 7. Qc2 0-0 8. Nbd2 d6 9. a3 b6 10. Rb1 Bb7 11. b3 Qc7 12. Bb2 e5 13. e3 f5 14. Ng5 Nd8 15. Bxb7 Qxb7 16. f4 Nec6 17. Ngf3 Ne6 18. b4 cxb4 19. axb4 Nxb4 20. Qb3 a5 21. c5 d5 22. cxb6 Nc5 23. Qc3 Rac8 24. d4 Ncd3 25. Qb3 exf4 26. exf4 Qxb6 27. Ba3 Rfe8 28. Ne5 Bxe5 29. Bxb4 Nxb4 30. fxe5 Re7 31. Rfc1 Rec7 32. Qb2 Qb5 33. Rxc7 Rxc7 34. Rc1 Rb7 35. Rc5 Qe2 36. Qc3 Nd3 37. Rc8+ Kg7 38. Rc7+ Rxc7 39. Qxc7+ Kh6 0-1

[Event "Napoli Vomero Settembre op 5th"]
[Site "Napoli"]
[Date "2008.10.30"]
[Round "5"]
[White "Parente, Giuseppe"]
[Black "Gallo, Thomas Renato"]
[Result "1-0"]
[WhiteElo "1826"]
[BlackElo "1878"]
[PlyCount "141"]
[EventDate "2008.10.02"]
[EventType "swiss"]
[EventRounds "5"]
[EventCountry "ITA"]
[SourceTitle "EXT 2011"]
[Source "ChessBase"]
[SourceDate "2010.11.26"]
[SourceVersion "1"]
[SourceVersionDate "2010.11.26"]
[SourceQuality "1"]

1. Nf3 f5 2. g3 Nf6 3. d3 e6 4. Bg2 d5 5. 0-0 Be7 6. c4 c6 7. b3 0-0 8. Na3 Nbd7 9. Nc2 e5 10. d4 e4 11. Ng5 Nb8 12. Nh3 Nh5 13. e3 Qe8 14. f3 Qg6 15. Bd2 Be6 16. Nf4 Nxf4 17. exf4 Nd7 18. c5 h5 19. Qe1 Nf6 20. h4 Rae8 21. Ne3 exf3 22. Rxf3 Ne4 23. Ba5 Bd8 24. Bxd8 Rxd8 25. Nf1 Qf6 26. Rd1 Rfe8 27. Nh2 Bf7 28. Re3 Re7 29. Nf3 b6 30. b4 bxc5 31. bxc5 Rb8 32. Rb1 Rxb1 33. Qxb1 Nxg3 34. Qb8+ Be8 35. Ne5 Ne4 36. Qc8 Kh7 37. Nf3 Nd2 38. Ng5+ Kh6 39. Re5 Nc4 40. Rxe7 Qxe7 41. Qxf5 Bg6 42. Qe6 Qxe6 43. Nxe6 Bf5 44. Nd8 Bd7 45. Nf7+ Kh7 46. Ne5 Be8 47. Nxc4 dxc4 48. Be4+ g6 49. Kf2 Kg7 50. Ke3 Kf6 51. a3 a5 52. Bg2 Ke6 53. Ke4 c3 54. Bh3+ Ke7 55. Kd3 c2 56. Kxc2 Bf7 57. Bg2 Bd5 58. Bxd5 cxd5 59. Kb3 Ke6 60. Ka4 Kf5 61. Kxa5 Kxf4 62. c6 g5 63. c7 g4 64. c8Q Ke4 65. Qh8 g3 66. Qf6 Ke3 67. Qg5+ Kf2 68. Qxh5 g2 69. Qg4 g1Q 70. Qxg1+ Kxg1 71. h5 1-0